| 000 | 00814cam a22002415a 4500 | ||
|---|---|---|---|
| 001 | 15695518 | ||
| 005 | 20150709124600.0 | ||
| 008 | 090410t2009 ne a frb 001 0 eng d | ||
| 020 | _a9789041128683 | ||
| 040 |
_aDLC _beng _cDLC _dEG-ScBUE |
||
| 082 | 0 | 4 |
_a332.042 _bBUC _222 |
| 100 | 1 |
_aBuckley, Ross P. _938219 |
|
| 245 | 1 | 0 |
_aInternational financial system : _bpolicy and regulation / _cRoss P. Buckley. |
| 260 |
_aAlphen aan den Rijn : _bWolters Kluwer Law / Kluwer law International, _cc.2009. |
||
| 300 |
_axxii, 193 p. : _btables ; _c24 cm. |
||
| 500 | _aIndex : p. 191-193. | ||
| 504 | _aBibliography : p. 171-190. | ||
| 650 | 0 |
_aInternational finance _xLaw and legislation. _2BUEsh _936692 |
|
| 651 | _2BUEsh | ||
| 653 |
_bBUSADM _cJuly2015 |
||
| 655 |
_vreading book _934232 |
||
| 942 |
_2ddc _k332.042 BUC |
||
| 999 |
_c20226 _d20198 |
||